Encyclopedia of Applied Physics Nuclear Waste Management to optics, Underwater Vol. 12
Salvato in:
| Altri autori: | |
|---|---|
| Natura: | Libro |
| Lingua: | inglese |
| Pubblicazione: |
New York
VCH Publ.
1995
|
| Edizione: | 1. ed. |
| Soggetti: | |
| Accesso online: | Visualizza in OPAC |
| Tags: |
Nessun Tag, puoi essere il primo ad aggiungerne!!
|
MARC
| LEADER | 00000nam a2200000 a 4500 | ||
|---|---|---|---|
| 005 | 20260127134024.0 | ||
| 008 | 090513 1995 xxu 000 0 eng d | ||
| 020 | |a 1560810718 (vol.12) | ||
| 035 | |a vtls009512228 | ||
| 039 | 9 | |y 200905131420 |z mschk03 | |
| 040 | |a STUSCHK1 |b slo |c STUSCHK1 |e AACR2 | ||
| 080 | |a 53:621(03) | ||
| 245 | 1 | |a Encyclopedia of Applied Physics |n Vol. 12 |b Nuclear Waste Management to optics, Underwater |c Edited by George L. Trigg | |
| 250 | |a 1. ed. | ||
| 260 | |a New York |b VCH Publ. |c 1995 | ||
| 300 | |a vii, 608 s. |b il. |c 26 cm | ||
| 650 | 0 | |a fyzika | |
| 650 | 0 | |a aplikovaná fyzika | |
| 650 | 0 | |a encyklopedia | |
| 700 | 1 | |a Trigg, George L. |d 1925 |4 edt | |
| 910 | |a SCHK95 | ||
| 919 | |a 1-56081-071-8 (vol.12) | ||
| 999 | |c 2267 |d 2267 | ||